Industrial hydraulics (Record no. 7178)

000 -LEADER
fixed length control field 00551nam a2200205 i 4500
001 - CONTROL NUMBER
control field 7178
003 - CONTROL NUMBER IDENTIFIER
control field BD-DhUET
008 - FIXED-LENGTH DATA ELEMENTS--GENERAL INFORMATION
fixed length control field 780705s1979 nyua 001 0 eng
020 ## - INTERNATIONAL STANDARD BOOK NUMBER
International Standard Book Number 070664773
040 ## - CATALOGING SOURCE
Original cataloging agency DLC
Transcribing agency DLC
Modifying agency BD-DhUET
082 00 - DEWEY DECIMAL CLASSIFICATION NUMBER
Classification number 621.2
Item number PIP/1980
100 1# - MAIN ENTRY--PERSONAL NAME
Personal name Pippenger, John J.
245 10 - TITLE STATEMENT
Title Industrial hydraulics
Statement of responsibility, etc. by John J. Pippenger and Tyler G. Hicks
250 ## - EDITION STATEMENT
Edition statement 3d ed.
260 ## - PUBLICATION, DISTRIBUTION, ETC. (IMPRINT)
Place of publication, distribution, etc. New York
Name of publisher, distributor, etc. McGraw-Hill
Date of publication, distribution, etc. 1980
300 ## - PHYSICAL DESCRIPTION
Extent vi, 440 p.
Other physical details ill.
Dimensions 25 cm.
650 #0 - SUBJECT ADDED ENTRY--TOPICAL TERM
Topical term or geographic name as entry element Hydraulic machinery
700 ## - ADDED ENTRY--PERSONAL NAME
Personal name Hicks, Tyler G.
942 ## - ADDED ENTRY ELEMENTS (KOHA)
Koha item type General Book
Holdings
Piece designation (barcode) Withdrawn status Copy number Shelving location Lost status Not for loan Koha full call number Koha normalized classification for sorting Price effective from Source of classification or shelving scheme Koha date last seen Location (home branch) Koha item type Date acquired Sublocation or collection (holding branch) Damaged status
59770 4Circulation section  621.2 /PIP/1980621_200000000000000_PIP19802014-12-07 2014-12-07Central Library, BUETContented Book 2014-12-07Central Library, BUET 
59771 5Circulation section  621.2 /PIP/1980621_200000000000000_PIP19802014-12-07 2014-12-07Central Library, BUETContented Book 2014-12-07Central Library, BUET 
59772 6Circulation section  621.2 /PIP/1980621_200000000000000_PIP19802014-12-07 2014-12-07Central Library, BUETContented Book 2014-12-07Central Library, BUET 
56769 1Circulation section  621.2 /PIP/1980621_200000000000000_PIP19802014-12-07 2014-12-07Central Library, BUETContented Book 2014-12-07Central Library, BUET 
59773 7Circulation section  621.2 /PIP/1980621_200000000000000_PIP19802014-12-07 2014-12-07Central Library, BUETContented Book 2014-12-07Central Library, BUET 
59776 10Circulation section  621.2 /PIP/1980621_200000000000000_PIP19802014-12-07 2014-12-07Central Library, BUETContented Book 2014-12-07Central Library, BUET 
56770 2Circulation section  621.2 /PIP/1980621_200000000000000_PIP19802014-12-07 2014-12-07Central Library, BUETContented Book 2014-12-07Central Library, BUET 
59775 9Circulation section  621.2 /PIP/1980621_200000000000000_PIP19802014-12-07 2014-12-07Central Library, BUETContented Book 2014-12-07Central Library, BUET 
59769 9Circulation section  621.2 /PIP/1980621_200000000000000_PIP19802014-12-07 2014-12-07Central Library, BUETContented Book 2014-12-07Central Library, BUET 
59777 11Circulation section  621.2 /PIP/1980621_200000000000000_PIP19802014-12-07 2014-12-07Central Library, BUETContented Book 2014-12-07Central Library, BUET 
59778 12Reading section  621.2/PIP/1980621_200000000000000_PIP_19802015-06-16 2015-06-16Central Library, BUETReading Item2015-06-16Central Library, BUET